000 00334 a2200121 4500
001 ART_19316
005 20260410161705.0
008 260409a
245 1 0 _aCorrecciones simétricas:
100 1 _aODonnell, Agustina
700 1 _aTorassa, Marcos R.
773 0 _tRevista Impuestos
_g- NÂș 7 (abr. 2009)
_wREV639
999 _c15515
_d15515